1289 1524 1455 1508 1260 1969 1195 1190 1648 1763 1274 1705 1135 1749 1768 1154 1620 1993 1052 1150 1930 1320 1014 1296 1305 1099 1172 1763 1658 1301 1392 1482 1132 1087 1975 1497 1356 1030 1328 1033 1385 1213 1938 1866 1487 1020 1621 1891 1977 1939 1215 1856 1253 1942 1211 1215 1107 1154 1404 1640 1185 1770 1162 1560 1638 1089 1935 1424 1830 1770 1341 1638 1413 1494 1812 1708 1794 1804 1138 1094 1863 1629 1127 1987 1419 2000 1741 1208 1430 1971 1836 1239 1156 1585 1406 1070 1862 1066 1752 BCNSPRNW ULIB Ver.6.0+V

เปลี่ยนเป็นภาษาไทย

Change to English
 แสดงรายละเอียดบรรณานุกรม
  กลับหน้าหลัก

Brief Record : Get Marc (ISO 2709) : E-mail record : QR code < ปิดหน้าต่าง
LEADER : 00000nam 2200000uu 4500
001    13399127653
003     ULIB
008    210311s2563||||th 000 0 tha d
020 ^^ ^a9786160039869
050 ^^ ^aนว^bซ116ร
100 ^^ ^aซ่อนกลิ่น
245 ^^ ^aรอยแค้นจำนนรัก/^cซ่อนกลิ่น
260 ^^ ^aกรุงเทพฯ : ^bพิมพ์คำ, ^c2563
300 ^^ ^a416 หน้า ; ^c21 ซม.
490 ^^ ^aนวนิยายลำดับที่ 899
490 ^^ ^aนวนิยายชุด รอยแค้นแทนด้วยรัก 3 เล่ม (รอยแค้นจำนนรัก/ซ่อนกลิ่น, ออกแบบรักหักแรงแค้น/แพรณัฐ และแค้นสุดจิต รักสุดใจ/เก้าแต้ม)
650 ^^ ^aนวนิยาย^zไทย
945    ^p260^l0^i008002
945    ^p260^l0^i009270
999    ^aประนอม เกษจรัล
รายการนี้ยังไม่มีแท็ก
คุณยังไม่ได้ล็อกอิน คุณสามารถมีกิจกรรมร่วมกับเว็บไซต์ได้ แต่ต้องล็อกอินก่อน ::
  ล็อกอิน

รายการสื่อสารสนเทศ

ลำดับที่ ประเภท เลขเรียก/บาร์โค้ด สถานที่ สถานะ
1. นวนิยาย
นวนิยาย
นว ซ116ร ฉ.1 
  Barcode: 008002
ห้องสมุดวิทยาเขตสวรรค์ประชารักษ์
►หนังสือทั่วไป
บนชั้น
2. นวนิยาย
นวนิยาย
นว ซ116ร ฉ.2 
  Barcode: 009270
ห้องสมุดวิทยาเขตนครสวรรค์
►นวนิยาย:l:Fiction
บนชั้น

รายการใกล้เคียง
    ผู้แต่ง [ซ่อนกลิ่น]

BibComment


ยังไม่เคยถูกคอมเมนท์

คอมเมนท์ทรัพยากรรายการนี้
  คอมเมนท์: รอยแค้นจำนนรัก ซ..


 Copyright 2026. Bcnsprnw @Library